Statistics for Brighton and Hove Goalscorers in 2019-20 Premier League

Click here to take the quiz!

General Stats

  • This quiz has been taken 16 times
  • The average score is 8 of 13

Answer Stats

Number of GoalsPlayer% Correct
3Lewis Dunk
100%
10Neal Maupay
100%
5Leandro Trossard
71%
1Shane Duffy
71%
3Adam Webster
64%
3Aaron Connolly
57%
2Aaron Mooy
57%
2Alireza Jahanbakhsh
57%
2Pascal Groß
57%
1Davy Pröpper
50%
1Florian Andone
50%
1Glen Murray
50%
1Yves Bissouma
50%

Score Distribution

Percentile by Number Answered

Percent of People with Each Score

Your Score History

You have not taken this quiz